| 000 | 00435nam a2200181Ia 4500 | ||
|---|---|---|---|
| 005 | 20240921120709.0 | ||
| 008 | 240921s9999||||xx |||||||||||||| ||und|| | ||
| 041 | _aENGLISH | ||
| 082 | _A025.48 M2 | ||
| 100 | _aBrown A G | ||
| 245 | 3 | _aAn Introduction to subject indexing | |
| 250 | _a2nd | ||
| 260 |
_c1982 _bClive Bingley,London |
||
| 500 | _aSubject Analysis | ||
| 650 |
_aGeneral _bGeneral |
||
| 942 | _cBK | ||
| 999 |
_c247349 _d247349 |
||